000 00996nam a2200277 4500
001 0000020179
003 CO-CtgCURN
005 20250329191001.0
007 ta
008 160627s1993 000 0 eng d
020 _a8427017227
040 _aCO-CtgCURN
_bspa
_ccoctgcurn
082 0 _a630
_bC15m
100 1 _aCano García, Roman.
245 1 0 _aManual del sanador de casas :
_bla geoastrología le peremite sanas su hogar dandole el bienestar que necesita /
_cRoman Cano García.
260 _aBogotá :
_bNueva Era,
_c1993.
300 _a245 p.
336 _2rdacontent
337 _2rdamedia
_asin mediacion
_bn
338 _2rdacarrier
_avolumen
_bnc
505 8 _aLa geoastrología.--Soluciones comunes basicas.--Soluciones individuales.--Las relaciones de las cinco energias.--Los acumuladores. oficinas y negocios
650 1 4 _aGeoastrología.
908 _a160627
942 _cBK
_h630
_iC15m
_2ddc
999 _c10221
_d10221